F1 Podiums 2013 - Statistics

General Stats
  • This quiz has been taken 461 times
  • The average score is 9 of 10
Answer Stats
Answer % Correct
Lewis Hamilton
99%
Sebastian Vettel
99%
Fernando Alonso
98%
Mark Webber
98%
Kimi Raikkonen
96%
Nico Rosberg
96%
Felipe Massa
90%
Romain Grosjean
79%
Sergio Perez
73%
Esteban Gutierrez
27%
No matching quizzes found
Score Distribution
Percent of People with Each Score
Percentile by Number Answered
Your Score History
You have not taken this quiz